000 00428nam a2200181Ia 4500
001 8208
005 20260306160552.0
008 260306t1972||||xx |||||||||||||| ||spa||
041 _aESP
082 _a370.15
_bJ67
100 _aJohnson, David W.
_eAUT
245 0 _aPsicología social de la educación
260 _c1972
300 _a318 páginas :
_c23 cm.
650 _aGEN
654 _aCED
942 _cLIB
_dJUS
_fJUS
_2ddc
_n
999 _c8208
_d8208